00846nam a2200241Ia 4500003000900000008004100009020001800050040001600068080001800084245010900102250001200211260003200223300002300255650001100278650002700289700002500316700003000341700003800371700003500409942000700444999001700451952013600468IN-BaIIA211028s9999 xx 000 0 eng d a0-07-135408-5 cIIA Library a(035)535bBAS 0aHandbook of opticsbvol. 3, classical optics, vision optics, X-ray opticscedited by M. Bass… [et al.] a2nd ed. aNew YorkbMcGraw-Hillc2001 a[various pagings.] aoptics aoptics handbook910525 aBass, M., ed.924951 aEnoch, Jay M., ed.924952 aVan Stryland, Eric W., ed.924953 aWilliams, David R., ed.924954 cBK c14175d14175 00104070aBANbBANcGENd2001-07-23eEDS g6200.00l0o(035)535/ BASp15095r2021-11-05v6200.00w2001-07-23yBKGRs. 6200.00